00731nam a2200205 i 4500003000900000005001700009007000300026008004100029040003000070082000700100110006100107245003400168264004700202300002800249336002700277337003400304338002800338490002000366500013900386DO-SdBNP20240226113150.0ta240226s1981 dr c 000 j spa d aDO-SdBNPbspacBNPHUerda 2221 aPastoral Juvenil de la Arquidiócesis de Santo Domingo.10aTu libertador es Jesucristo / 1aSanto Domingo :bPastoral Juvenil, c1981. a40 páginas, c21 cm. 2rdacontentatextobtxt 2rdamediaasin mediación bn 2rdacarrieravolumenbnc1 aPascua Juvenil  aCelebración del triduo pascual preparado por el equipo de Pastoral Juvenil de la arquidiócesis de Santo Domingo. Rep. Dominicana.